Top 30 : Maes - Statistiques

Statistiques générales
  • Ce quiz a été pris 364 fois
  • Le résultat moyen est 17 sur 30
Statistiques - réponses
Top Titres Featuring % Correct
2 Blanche Booba
93%
1 Distant Ninho
93%
3 Dybala Jul
93%
4 Madrina Booba
93%
6 Coffre plein Koba LaD, Zed
77%
23 CORDILLÈRE Werenoi
71%
19 Matin Koba LaD
66%
11 Mama
65%
21 Selfie Werenoi
64%
25 4MOTION PLK
63%
14 Boston George Lacrim
63%
20 Mardi gras Tiakola, Zed
61%
9 Passat SDM
61%
12 10K Bolémvn
60%
10 MAGIE
57%
5 Billets verts
55%
17 Tmax 530
55%
24 Mocro Mafia Baby Gang
54%
27 SURVIE Ninho
54%
8 Street
52%
18 Ailleurs Timal
51%
26 Blue Magic Niska
47%
16 L'odeur du charbon Dosseh
46%
7 Fetty Wap
45%
15 Dragovic
44%
30 INTERPOL
35%
13 Galactic
29%
22 Switch Up
28%
28 Imparfait
16%
29 NWR
9%
Aucun quiz correspondant
Distribution des résultats
% des personnes avec chaque résultat
Percentile par nombre de réponses
Votre historique - résultats
Vous n’avez pas pris ce quiz